| 000 | 00865cam a22002775a 4500 | ||
|---|---|---|---|
| 001 | 18516006 | ||
| 005 | 20171119115759.0 | ||
| 008 | 150304t2015 nyua fr 000 0 eng d | ||
| 020 | _a9781438006291 | ||
| 040 |
_aDLC _cDLC _beng _dDLC _dEG-ScBUE |
||
| 082 | 0 | 4 |
_222 _a378.1662 _bFRE |
| 100 | 1 | _aFreeling, David. | |
| 245 | 1 | 0 |
_aBarron's 6 GRE practice tests / _cDavid Freeling and Vince Kotchian. |
| 246 | 3 | _aBarron's six GRE practice tests | |
| 246 | 3 | 0 | _a6 GRE practice tests |
| 250 | _a2nd ed. | ||
| 260 |
_aHauppauge, New York : _bBarron's, _cc.2015. |
||
| 300 |
_aiv, 344 p. : _bill. ; _c28 cm. |
||
| 650 | 7 |
_aGraduate Record Examination _vStudy guides. _2BUEsh _920956 |
|
| 651 | _2BUEsh | ||
| 653 |
_bGGEN _cNovember2017 |
||
| 655 |
_vReading book _934232 |
||
| 700 | 1 | _aKotchian, Vince. | |
| 710 | 2 | _aBarron's Educational Series, Inc. | |
| 942 | _2ddc | ||
| 999 |
_c25609 _d25581 |
||